000 00449nam a2200181Ia 4500
001 4943
005 20260306145831.0
008 260306t2010||||xx |||||||||||||| ||spa||
041 _aESP
082 _a332.041
_bM26
100 _aMartín Mato, Miguel Ángel
_eAUT
245 0 _aMercado de capitales:
_buna perspectiva global
260 _c2010
300 _a422 páginas :
_c23 cm.
650 _aGEN
654 _aCAN
942 _cLIB
_dJUS
_fJUS
_2ddc
_n
999 _c4943
_d4943